000 00971nam a22003017a 4500
001 BR0305040
003 BR-BrBNA
005 20230928101408.0
007 ta
008 230509b bl.||||| |||| 00| 0 por d
040 _aBR-BrBNA
_bpor
_cBiblioteca Nacional de Agricultura
041 _a(Por)
072 _aF30
_b1410
090 _ 1410 BR0305040
100 1 _aGrange, L.
110 1 _aUniversidade Estadual de Londrina, PR (Brasil)
_0Tese (Mestre em Genética e Melhoramento)
_910648
245 1 _aDiversidade de rizóbio capaz de nodular o feijoeiro (Phaseolus vulgaris)isolado de solos da região nordeste e da região sul do Brasil
260 3 _aLondrina, PR (Brasil):
_c2001.
300 _a86 p.
500 _aBibliography p. 66-86; 8 illus.; Summaries (Eng, Por)
650 _aFEIJÃO
650 _aMELHORAMENTO GENÉTICO VEGETAL
650 _aVARIEDADE
650 _aGENE
650 _aDNA
909 _a202309
_bLucia
_c55
_dLucia Elande
942 _cBK
999 _c65612
_d65612